[Event "XXXI C.to Italiano seniores"]
[Site "Arvier ITA"]
[Date "2009.04.27"]
[Round "5"]
[White "Papa, Angelo"]
[Black "Laco, Giuseppe"]
[Result "0-1"]
[WhiteElo "1882"]
[BlackElo "2133"]
[PlyCount "80"]
[EventDate "2009.04.24"]

1. d4 f5 2. g3 g6 3. Bg2 Bg7 4. Nf3 Nf6 5. O-O c6 6. c4 e6 7. Nc3 d5 8. b3 O-O
9. Bb2 Nbd7 10. e3 Re8 11. cxd5 exd5 12. Rc1 Ne4 13. Qc2 g5 14. Nxe4 fxe4 15.
Nd2 g4 16. b4 Nf6 17. a4 Bd7 18. Nb3 b6 19. a5 Bf8 20. Qd2 Bd6 21. axb6 axb6
22. Ra1 Qe7 23. Bc3 h5 24. Rfb1 Nh7 25. Nc1 Ng5 26. Ne2 Nf3+ 27. Bxf3 gxf3 28.
Nf4 Bxf4 29. Rxa8 Rxa8 30. exf4 Bf5 31. Ra1 Re8 32. Qe3 h4 33. Bd2 Qg7 34. Rc1
Qg4 35. Qe1 hxg3 36. fxg3 Qh3 37. Qf1 e3 38. Bxe3 Rxe3 39. Qxh3 Bxh3 40. Rxc6
f2+ 0-1

[Event "XXXI C.to Italiano seniores"]
[Site "Arvier ITA"]
[Date "2009.04.27"]
[Round "5"]
[White "Pipitone, Antonio"]
[Black "Giani, Franco"]
[Result "1-0"]
[WhiteElo "2024"]
[BlackElo "2004"]
[PlyCount "207"]
[EventDate "2009.04.24"]

1. e4 c5 2. Nf3 g6 3. d4 Bg7 4. c3 cxd4 5. cxd4 d6 6. Nc3 a6 7. a4 Nf6 8. Be2
O-O 9. O-O e6 10. h3 Nc6 11. Be3 Bd7 12. Qd2 Na5 13. Qd3 Rc8 14. Nd2 Nc6 15.
Rac1 Ne8 16. f4 Nb4 17. Qb1 Nc6 18. Nf3 Nf6 19. Rfd1 d5 20. Ne5 Ne7 21. Bf3
dxe4 22. Nxe4 Nfd5 23. Rxc8 Bxc8 24. Bc1 Nf5 25. Qd3 Qh4 26. Bg4 Nh6 27. g3 Qe7
28. Be2 Nf5 29. Bd2 Rd8 30. Kf2 b6 31. g4 Qh4+ 32. Ng3 Nfe7 33. Kg2 Bb7 34. Bf3
Nc8 35. Ne2 Qe7 36. Kg3 Nd6 37. Rc1 Nf6 38. Nc6 Bxc6 39. Rxc6 b5 40. Rxa6 bxa4
41. Rxa4 Qd7 42. b3 h5 43. Bb4 hxg4 44. hxg4 Nh7 45. Ra6 Bf8 46. Rb6 Qa7 47.
Ra6 Qc7 48. Ba5 Qc8 49. Ra8 Qxa8 50. Bxa8 Rxa8 51. b4 Nf6 52. Nc3 Rc8 53. Kf3
Nc4 54. g5 Ne8 55. Ne4 Be7 56. Kg4 Ned6 57. Nxd6 Nxd6 58. b5 Nc4 59. Be1 Nb6
60. Qe4 Nd5 61. Qb1 Nb6 62. Bb4 Bd8 63. Bc5 Nc4 64. Qe4 Ba5 65. Qb7 Rd8 66. Qe7
Ne3+ 67. Kf3 Nf5 68. Qa7 Bc3 69. b6 Nxd4+ 70. Bxd4 Bxd4 71. Qc7 Rf8 72. b7 Ba7
73. Qc8 Kg7 74. Ke4 Bb8 75. Qc3+ Kg8 76. Qf6 Re8 77. Qc3 Rf8 78. Qc8 Kg7 79.
Kf3 Kg8 80. Ke3 Kg7 81. Ke4 Kg8 82. Qc1 Bd6 83. Kd3 Rd8 84. Kc4 Rb8 85. Kd4 Rd8
86. Qc8 Rf8 87. Ke4 Kg7 88. Qc3+ Kg8 89. Qf6 Rb8 90. Qb2 Rf8 91. Qb6 Bb8 92.
Qb4 Kg7 93. Ke3 Kg8 94. Qe7 Kg7 95. Kd4 Kg8 96. Qf6 Re8 97. Kc5 Rf8 98. Kc6 Re8
99. Kd7 Rf8 100. Ke7 Bc7 101. Qd4 Bb8 102. Qd2 Bc7 103. Qh2 Bb8 104. Qh6 1-0

[Event "XXXI C.to Italiano seniores"]
[Site "Arvier ITA"]
[Date "2009.04.27"]
[Round "5"]
[White "Priori, Luigi"]
[Black "Schiappacasse, Marcello"]
[Result "0-1"]
[WhiteElo "1806"]
[BlackElo "1920"]
[PlyCount "22"]
[EventDate "2009.04.24"]

1. d4 Nf6 2. c4 e6 3. Nc3 Bb4 4. f3 d5 5. e3 O-O 6. a3 Bxc3+ 7. bxc3 c5 8. Qb3
Qc7 9. cxd5 exd5 10. Ne2 Re8 11. Nf4 Qxf4 0-1

[Event "XXXI C.to Italiano seniores"]
[Site "Arvier ITA"]
[Date "2009.04.27"]
[Round "5"]
[White "Rossi, Giampiero"]
[Black "Acunzo, Domenico"]
[Result "1-0"]
[WhiteElo "1915"]
[BlackElo "1830"]
[PlyCount "97"]
[EventDate "2009.04.24"]

1. d4 e6 2. c4 f5 3. g3 Nf6 4. Bg2 d5 5. e3 c6 6. Qc2 Bd6 7. Nf3 O-O 8. O-O
Nbd7 9. b3 Qe7 10. Bb2 Ne4 11. Nbd2 Ndf6 12. Ne5 Nxd2 13. Qxd2 Ne4 14. Qc2 Bd7
15. Nxd7 Qxd7 16. c5 Bc7 17. b4 g5 18. Rfd1 Nf6 19. Bc3 f4 20. exf4 gxf4 21.
Re1 fxg3 22. hxg3 Rae8 23. Re2 Qf7 24. Rae1 Qh5 25. f4 Qg4 26. Re3 Nh5 27. Qe2
Qxe2 28. R1xe2 Ng7 29. Bh3 Rf6 30. Be1 Kf7 31. Kg2 Nf5 32. Bxf5 Rxf5 33. Kf3
Rf6 34. Rh2 h6 35. a4 a6 36. Rhe2 Rg8 37. Rb3 h5 38. b5 axb5 39. axb5 h4 40.
bxc6 bxc6 41. Rb7 Rc8 42. Ba5 hxg3 43. Bxc7 Rg6 44. Rg2 Rcg8 45. Be5+ Ke8 46.
Rb8+ Kd7 47. Rxg8 Rxg8 48. Rxg3 Rxg3+ 49. Kxg3 1-0

[Event "XXXI C.to Italiano seniores"]
[Site "Arvier ITA"]
[Date "2009.04.27"]
[Round "5"]
[White "Rotelli, Pietro"]
[Black "Fisauli, Francesco"]
[Result "1-0"]
[WhiteElo "1970"]
[BlackElo "1832"]
[PlyCount "53"]
[EventDate "2009.04.24"]

1. d4 d5 2. c4 e6 3. Nc3 Bb4 4. e3 Nf6 5. Bd3 O-O 6. Nf3 c5 7. a3 Bxc3+ 8. bxc3
b6 9. O-O cxd4 10. cxd4 Ba6 11. cxd5 Bxd3 12. Qxd3 Nxd5 13. e4 Nf6 14. Bg5 h6
15. Bh4 g5 16. Nxg5 Ng4 17. Nf3 Ne5 18. Nxe5 Qxh4 19. Rac1 Qe7 20. Qe3 Qg5 21.
f4 Qe7 22. Qh3 Kh7 23. Ng4 f5 24. Nxh6 Kg7 25. exf5 Rh8 26. Qg3+ Kxh6 27. Qg6#
1-0

[Event "XXXI C.to Italiano seniores"]
[Site "Arvier ITA"]
[Date "2009.04.27"]
[Round "5"]
[White "Turturici, Pellegrino"]
[Black "Garvani, Vittorio"]
[Result "1/2-1/2"]
[WhiteElo "1977"]
[BlackElo "1971"]
[PlyCount "121"]
[EventDate "2009.04.24"]

1. e4 d6 2. d4 Nf6 3. Nc3 c6 4. Nf3 Bg4 5. Be2 e6 6. O-O Be7 7. h3 Bxf3 8. Bxf3
O-O 9. Bg5 Na6 10. Ne2 Nc7 11. c3 Rb8 12. Ng3 d5 13. e5 Nd7 14. Bxe7 Qxe7 15.
Qd2 c5 16. Rac1 b6 17. Be2 f6 18. exf6 Nxf6 19. Qe3 Rbe8 20. f4 g6 21. Bd3 Nd7
22. Rce1 Qh4 23. Kh2 Rf7 24. Nh1 Nf6 25. Nf2 c4 26. Bc2 Ref8 27. g3 Qh6 28. Bd1
Qg7 29. Qe5 Nfe8 30. Kg2 Qxe5 31. Rxe5 Ng7 32. Ng4 Kh8 33. Bc2 Nf5 34. Rfe1 Kg7
35. h4 h5 36. Nf2 a6 37. Nh3 Re8 38. Ng5 Rfe7 39. R5e2 b5 40. Nf3 a5 41. a3 Rd7
42. Ne5 Rd6 43. Kf2 Kf6 44. b3 cxb3 45. Bxb3 b4 46. Ba4 Ra8 47. Rc2 Na6 48. Rd1
Rc8 49. axb4 axb4 50. Rb1 Kg7 51. cxb4 Rxc2+ 52. Bxc2 Rb6 53. Bxf5 gxf5 54. Nd3
Kf6 55. Ke2 Nc7 56. Nc5 Ke7 57. Kd3 Rb8 58. Na4 Rg8 59. Rg1 Ra8 60. Ra1 Rg8 61.
Rg1 1/2-1/2

[Event "XXXI C.to Italiano seniores"]
[Site "Arvier ITA"]
[Date "2009.04.27"]
[Round "5"]
[White "Vaselli, Luciano"]
[Black "Faraci, Antonino"]
[Result "0-1"]
[WhiteElo "1764"]
[BlackElo "2012"]
[PlyCount "54"]
[EventDate "2009.04.24"]

1. d4 d5 2. c4 e6 3. Nc3 c6 4. e3 Bd6 5. Nf3 Nf6 6. Bd3 Nbd7 7. O-O O-O 8. Re1
dxc4 9. Bxc4 b5 10. Bd3 b4 11. Ne4 Nxe4 12. Bxe4 Bb7 13. Bc2 c5 14. e4 e5 15.
d5 c4 16. Bg5 f6 17. Bd2 Nb6 18. Nh4 Rf7 19. Nf5 Bc8 20. Ne3 Bd7 21. Rc1 Rc8
22. Qe2 c3 23. Nf5 Bxf5 24. exf5 cxd2 25. Qxd2 Rfc7 26. Bb3 a5 27. Rxc7 Qxc7
0-1

[Event "XXXI C.to Italiano seniores"]
[Site "Arvier ITA"]
[Date "2009.04.29"]
[Round "6"]
[White "Acunzo, Domenico"]
[Black "Priori, Luigi"]
[Result "1/2-1/2"]
[WhiteElo "1830"]
[BlackElo "1806"]
[PlyCount "114"]
[EventDate "2009.04.24"]

1. e4 e6 2. d4 d5 3. Nc3 Nf6 4. Bg5 Be7 5. e5 Nfd7 6. h4 Bxg5 7. hxg5 Qxg5 8.
Nh3 Qe7 9. Qg4 f5 10. Qg3 a6 11. Nf4 Nf8 12. Be2 Nc6 13. O-O-O Bd7 14. Bh5+ Kd8
15. Kb1 Be8 16. Nce2 g5 17. Nd3 b6 18. Bxe8 Kxe8 19. Rh5 Rg8 20. Rdh1 Kd7 21.
Rh6 Nd8 22. c3 Kc8 23. Nb4 Kb7 24. Qd3 c5 25. dxc5 Qxc5 26. Nd4 Qe7 27. Nxe6
Nfxe6 28. Qxd5+ Ka7 29. Rxh7 Rg7 30. Rxg7 Qxg7 31. Nc6+ Nxc6 32. Qxe6 Kb7 33.
Rd1 Rd8 34. Rxd8 Nxd8 35. Qxf5 Qe7 36. g3 Nc6 37. f4 gxf4 38. gxf4 b5 39. a3 a5
40. Qe4 Qe6 41. Kc2 a4 42. Kd2 Kb6 43. Qc2 Qd5+ 44. Ke3 Qh1 45. Qf2 Qh8 46.
Ke4+ Kc7 47. Qc5 Qh1+ 48. Kf5 Qb1+ 49. Kf6 Qxb2 50. e6 Qh2 51. Qg5 Qh8+ 52.
Qg7+ Qxg7+ 53. Kxg7 Kd6 54. Kf6 Ne7 55. f5 Ng8+ 56. Kf7 Ne7 57. Kf6 Ng8+
1/2-1/2

[Event "XXXI C.to Italiano seniores"]
[Site "Arvier ITA"]
[Date "2009.04.29"]
[Round "6"]
[White "Antonelli, Fabrizio"]
[Black "Rossi, Giampiero"]
[Result "1/2-1/2"]
[WhiteElo "2024"]
[BlackElo "1915"]
[PlyCount "101"]
[EventDate "2009.04.24"]

1. e4 c5 2. Nf3 e6 3. d4 cxd4 4. Nxd4 a6 5. Be3 Nf6 6. Bd3 Nc6 7. Nd2 Qc7 8.
Qe2 Be7 9. f4 Nxd4 10. Bxd4 Qxf4 11. O-O-O d6 12. Rdf1 Qh6 13. e5 dxe5 14. Bxe5
Bd7 15. g4 Bc6 16. Rhg1 Nd7 17. Bc3 Nc5 18. Qe5 Nxd3+ 19. cxd3 Qg6 20. Qxg7 Rg8
21. Qxg6 Rxg6 22. Nc4 f6 23. h4 h5 24. gxh5 Rxg1 25. Rxg1 Kf7 26. Rf1 Rh8 27.
Ne5+ Ke8 28. Ng6 Rxh5 29. Nxe7 Kxe7 30. Bxf6+ Kd6 31. Bg5 Bd5 32. a3 Rh7 33.
Kd2 e5 34. Rf6+ Be6 35. Ke3 Rf7 36. Ke4 Rxf6 37. Bxf6 Bd5+ 38. Ke3 Ke6 39. Bd8
Kf5 40. Bc7 Bf7 41. Kd2 Bh5 42. Kc3 Be2 43. b3 Bf3 44. b4 Be2 45. Kd2 Bh5 46.
Ke3 Bd1 47. d4 exd4+ 48. Kxd4 Kg4 49. Bd8 Bc2 50. Ke5 Kh5 51. Bg5 1/2-1/2

[Event "XXXI C.to Italiano seniores"]
[Site "Arvier ITA"]
[Date "2009.04.29"]
[Round "6"]
[White "Bellia, Mario"]
[Black "Jeanrenaud, Antonia"]
[Result "1-0"]
[WhiteElo "1377"]
[BlackElo "1455"]
[PlyCount "164"]
[EventDate "2009.04.24"]

1. Nf3 d6 2. b3 e5 3. Bb2 Nf6 4. d4 exd4 5. Nxd4 Be7 6. Nd2 O-O 7. c4 Bd7 8.
Qc2 c5 9. Nf5 Bxf5 10. Qxf5 Nbd7 11. e3 Qe8 12. Be2 Ne5 13. Qc2 Qc6 14. Nf3 Qc7
15. h3 Rab8 16. Rd1 a6 17. O-O Nfd7 18. Nh2 Bf6 19. Ng4 Nxg4 20. Bxg4 Bxb2 21.
Qxb2 Nf6 22. Bf3 b5 23. cxb5 axb5 24. Rd2 c4 25. Rc1 Rfc8 26. Qd4 c3 27. g4 h6
28. Kg2 Ne8 29. Rdc2 b4 30. Bd5 Nf6 31. Bc4 Qc6+ 32. f3 d5 33. Bd3 Qc5 34. Bf5
Qxd4 35. exd4 Re8 36. h4 g6 37. Bd3 Kg7 38. a4 Nd7 39. Bb5 Red8 40. Kf2 Nf8 41.
Re1 Ne6 42. Ke3 g5 43. hxg5 hxg5 44. Rh1 Rh8 45. Rch2 Rxh2 46. Rxh2 Rh8 47. Rf2
Rh1 48. a5 Nc7 49. Bf1 f6 50. a6 Kf7 51. a7 Na8 52. f4 Ke6 53. fxg5 fxg5 54.
Kd3 Kd6 55. Rf6+ Kc7 56. Rf7+ Kb6 57. Be2 Ra1 58. Bf3 Nc7 59. Rg7 Rxa7 60. Rxg5
Ra3 61. Rg6+ Kb5 62. Rd6 Rxb3 63. Bxd5 Rb2 64. Bc4+ Ka5 65. Rc6 Nb5 66. Rc5 c2
67. Rxb5+ Ka4 68. Kd2 b3 69. Rxb3 c1=B+ 70. Kxc1 Rg2 71. Be6 Re2 72. Rb6 Re4
73. Rd6 Kb4 74. Bf5 Rf4 75. Be6 Kc3 76. Kd1 Kd3 77. Bf5+ Ke3 78. d5 Kd4 79. Ke2
Ke5 80. Rd8 Rd4 81. Be6 Kf6 82. Ke3 Ke7 1-0

[Event "XXXI C.to Italiano seniores"]
[Site "Arvier ITA"]
[Date "2009.04.29"]
[Round "6"]
[White "Brandi, Marcello"]
[Black "Moretti, Mario"]
[Result "0-1"]
[WhiteElo "1381"]
[BlackElo "1500"]
[PlyCount "120"]
[EventDate "2009.04.24"]

1. d4 e6 2. Nf3 Nf6 3. e3 a6 4. Bd3 Be7 5. Nbd2 O-O 6. O-O Nc6 7. a3 b6 8. b4
b5 9. Bb2 Bb7 10. c4 bxc4 11. Nxc4 d5 12. Nce5 Nxe5 13. Nxe5 Bd6 14. Rc1 Bxe5
15. dxe5 Ne8 16. Bb1 g6 17. Qf3 Rc8 18. Bd4 Ng7 19. g4 Qd7 20. Rfd1 c6 21. Bc5
Rfe8 22. Qf4 Qd8 23. Rd4 Ba8 24. Qf3 Qd7 25. Kf1 Bb7 26. Kg2 Ra8 27. h4 Qd8 28.
Rh1 h5 29. Rf4 Qd7 30. g5 Nf5 31. Rd1 Qd8 32. e4 Nxh4+ 33. Rxh4 Qxg5+ 34. Qg3
Qxg3+ 35. fxg3 Red8 36. Rf4 Rd7 37. Rh4 a5 38. g4 Ba6 39. gxh5 Be2 40. Rd2 Bxh5
41. Rf4 axb4 42. Bxb4 Re8 43. Rc2 d4 44. Bc5 Rb8 45. Ba2 d3 46. Rd2 Rb5 47. Bd6
Rdb7 48. Rxd3 Rb2+ 49. Rf2 Rxf2+ 50. Kxf2 Rb2+ 51. Ke3 Rxa2 52. Rc3 Re2+ 53.
Kd4 Rd2+ 54. Kc5 g5 55. Kxc6 g4 56. Rg3 Re2 57. a4 Ra2 58. Kb5 Rb2+ 59. Ka6 Kg7
60. Be7 Rf2 0-1

[Event "XXXI C.to Italiano seniores"]
[Site "Arvier ITA"]
[Date "2009.04.29"]
[Round "6"]
[White "Breidenbach, Heinz"]
[Black "Oteri, Aldo"]
[Result "0-1"]
[WhiteElo "1522"]
[BlackElo "1832"]
[PlyCount "56"]
[EventDate "2009.04.24"]

1. d4 Nf6 2. Nf3 e6 3. c3 c5 4. Bg5 d5 5. e3 Nc6 6. Bd3 b6 7. O-O Be7 8. Nbd2
O-O 9. Qe2 h6 10. Bxf6 Bxf6 11. dxc5 bxc5 12. e4 Qc7 13. Rfe1 g6 14. e5 Bg7 15.
a3 c4 16. Bc2 Na5 17. Nd4 Rb8 18. Rab1 Rb6 19. f4 Ba6 20. b3 cxb3 21. Bd3 Qxc3
22. Bxa6 Qxd4+ 23. Kh1 Rxa6 24. Qxa6 Qxd2 25. Red1 Qxf4 26. Qxa5 Bxe5 27. g3
Qe4+ 28. Kg1 Bd4+ 0-1

[Event "XXXI C.to Italiano seniores"]
[Site "Arvier ITA"]
[Date "2009.04.29"]
[Round "6"]
[White "Cerusico, Carlo"]
[Black "Lisandri, Luigi"]
[Result "0-1"]
[WhiteElo "1462"]
[BlackElo "1458"]
[PlyCount "88"]
[EventDate "2009.04.24"]

1. d4 Nf6 2. Nf3 e6 3. e3 Be7 4. Bd3 d5 5. O-O Nc6 6. c3 O-O 7. Nbd2 b6 8. e4
dxe4 9. Nxe4 Bb7 10. Re1 Qc8 11. Nxf6+ Bxf6 12. Bxh7+ Kxh7 13. Bg5 Rh8 14. Bxf6
gxf6 15. h3 Ne7 16. Nh2 Kg8 17. Ng4 Kg7 18. Re3 Nf5 19. Rd3 Qg8 20. Qe2 Kf8 21.
f3 Qg6 22. Kf2 Rh4 23. Rg1 Kg7 24. Rdd1 Rah8 25. Rh1 Qg5 26. Rdg1 R4h5 27. g3
Rxh3 28. f4 Qh5 29. Rxh3 Qxh3 30. b3 a6 31. a3 b5 32. Qd1 Qh5 33. Qe2 Qg6 34.
Ke1 Rh3 35. Kf2 Qh7 36. Qd1 Nd6 37. Qe1 Qe4 38. Qd1 Rh1 39. Rxh1 Qxh1 40. Qxh1
Bxh1 41. Ke3 Ne4 42. Nf2 Nxg3 43. Nxh1 Nxh1 44. Kf3 Kg6 0-1

[Event "XXXI C.to Italiano seniores"]
[Site "Arvier ITA"]
[Date "2009.04.29"]
[Round "6"]
[White "Deiana, Giacomo"]
[Black "Vaselli, Luciano"]
[Result "0-1"]
[WhiteElo "1724"]
[BlackElo "1764"]
[PlyCount "56"]
[EventDate "2009.04.24"]

1. Nf3 d5 2. g3 e6 3. Bg2 f5 4. d3 Nf6 5. O-O Bd6 6. Nbd2 O-O 7. c4 c6 8. Qc2
f4 9. e4 fxe3 10. fxe3 Ng4 11. Nb3 e5 12. e4 a5 13. Bg5 Qc7 14. a4 dxe4 15.
dxe4 Na6 16. Kh1 Be6 17. Rac1 h6 18. Bd2 Nb4 19. Bxb4 Bxb4 20. Qe2 Rad8 21. h3
Nf6 22. Nh4 Ne8 23. Rxf8+ Bxf8 24. Nd2 Qd7 25. Ndf3 Bxh3 26. Nxe5 Bxg2+ 27.
Kxg2 Qd2 28. Kf3 Qxc1 0-1

[Event "XXXI C.to Italiano seniores"]
[Site "Arvier ITA"]
[Date "2009.04.29"]
[Round "6"]
[White "Di Cio', Enrico"]
[Black "Di Terlizzi, Domenico"]
[Result "1-0"]
[WhiteElo "1765"]
[BlackElo "1688"]
[PlyCount "65"]
[EventDate "2009.04.24"]

1. e4 c5 2. f4 Nf6 3. Nc3 d6 4. Nf3 Nc6 5. d4 cxd4 6. Nxd4 e5 7. Nxc6 bxc6 8.
fxe5 Ng4 9. exd6 Qxd6 10. Be2 Nxh2 11. Be3 Qg3+ 12. Bf2 Qxg2 13. Rg1 Qh3 14.
Rg3 Qd7 15. Rd3 Bd6 16. e5 Ba6 17. Rxd6 Bxe2 18. Qxe2 Qf5 19. O-O-O O-O 20.
Rxc6 Ng4 21. Bg3 Rae8 22. Rc5 Qg5+ 23. Qd2 Qe7 24. Rd5 Nxe5 25. Rxe5 Qf6 26.
Rxe8 Rxe8 27. Qf2 Qg5+ 28. Kb1 h6 29. Rg1 Qe7 30. a3 a6 31. Nd5 Qb7 32. Qg2 Kh8
33. Be5 1-0

[Event "XXXI C.to Italiano seniores"]
[Site "Arvier ITA"]
[Date "2009.04.29"]
[Round "6"]
[White "Facchini, Roberto"]
[Black "Cesati Cassin, Giorgio"]
[Result "1-0"]
[WhiteElo "1600"]
[BlackElo "1398"]
[PlyCount "97"]
[EventDate "2009.04.24"]

1. e4 c5 2. Nf3 Nc6 3. d4 cxd4 4. Nxd4 g6 5. Be2 Bg7 6. Nb3 Nf6 7. Bd3 O-O 8.
Nc3 d5 9. Qe2 Ng4 10. Nxd5 e6 11. Ne3 Nge5 12. f4 Nxd3+ 13. Qxd3 Nb4 14. Qxd8
Rxd8 15. a3 Nc6 16. c3 b6 17. Kf2 Bb7 18. e5 f6 19. exf6 Bxf6 20. Ng4 Bg7 21.
Re1 Kf7 22. h3 Rd6 23. Be3 Rad8 24. Re2 Ba6 25. Rd2 Rxd2+ 26. Nxd2 Ne7 27. Nf3
Nc6 28. Ng5+ Ke7 29. Nxh7 e5 30. Ng5 exf4 31. Bxf4 Na5 32. Re1+ Kd7 33. Rd1+
Ke8 34. Rxd8+ Kxd8 35. Ne6+ Ke7 36. Nxg7 Nc4 37. Bc1 Kd6 38. h4 Bc8 39. Ne3 Ne5
40. Ke2 Ba6+ 41. Kd2 Nd3 42. c4 Nf2 43. b4 Ke5 44. Ke2 Ne4 45. Bb2+ Kf4 46.
Ne6+ Kg3 47. Ng5 Nf2 48. Nf3 Bb7 49. Be5# 1-0

[Event "XXXI C.to Italiano seniores"]
[Site "Arvier ITA"]
[Date "2009.04.29"]
[Round "6"]
[White "Faraci, Antonino"]
[Black "Papa, Angelo"]
[Result "1-0"]
[WhiteElo "2012"]
[BlackElo "1882"]
[PlyCount "76"]
[EventDate "2009.04.24"]

1. c4 Nf6 2. Nc3 g6 3. e4 d6 4. g3 Bg7 5. Bg2 O-O 6. Nge2 e5 7. O-O Nc6 8. d3
Bd7 9. Rb1 a5 10. h3 Ne8 11. Be3 f5 12. Qd2 Nf6 13. Bg5 Qc8 14. Kh2 fxe4 15.
dxe4 Be6 16. Nd5 Bxd5 17. cxd5 Nd8 18. Rbc1 Nf7 19. Bxf6 Bxf6 20. Qc3 Bd8 21.
h4 Qg4 22. Qe3 Qd7 23. Bh3 Qb5 24. Rc2 c5 25. dxc6 bxc6 26. Bd7 Bb6 27. Qd2 Bc5
28. f4 Rad8 29. Be6 Bd4 30. f5 Kg7 31. fxg6 hxg6 32. Bxf7 Rxf7 33. Rxf7+ Kxf7
34. Nxd4 exd4 35. Qxd4 Qe5 36. Rf2+ Ke6 37. Qc4+ d5 38. Qxc6+ Qd6 1-0

[Event "XXXI C.to Italiano seniores"]
[Site "Arvier ITA"]
[Date "2009.04.29"]
[Round "6"]
[White "Fisauli, Francesco"]
[Black "Beltrami, Nerio"]
[Result "0-1"]
[WhiteElo "1832"]
[BlackElo "2057"]
[PlyCount "51"]
[EventDate "2009.04.24"]

1. e4 d6 2. Nf3 Nf6 3. Nc3 Nbd7 4. d3 g6 5. Be2 Bg7 6. Bd2 O-O 7. Qc1 Re8 8.
Bh6 Bh8 9. h3 c6 10. Rb1 b5 11. O-O Bb7 12. Nd1 a5 13. Ne3 e6 14. Nh2 d5 15. f3
Qb6 16. Kh1 Nh5 17. Qe1 Be5 18. f4 Qxe3 19. Bxh5 Qxe1 20. Rfxe1 Bh8 21. Bf3 Nc5
22. Ng4 dxe4 23. dxe4 f6 24. Ne3 Rad8 25. Rbd1 Rxd1 26. Rxd1 0-1

[Event "XXXI C.to Italiano seniores"]
[Site "Arvier ITA"]
[Date "2009.04.29"]
[Round "6"]
[White "Garvani, Vittorio"]
[Black "De Zaiacomo, Tonino"]
[Result "1-0"]
[WhiteElo "1971"]
[BlackElo "1787"]
[PlyCount "73"]
[EventDate "2009.04.24"]

1. d4 d5 2. Nf3 Nf6 3. e3 e6 4. Bd3 Bd6 5. Nbd2 Nbd7 6. c3 c6 7. O-O O-O 8. e4
e5 9. exd5 cxd5 10. dxe5 Nxe5 11. Nxe5 Bxe5 12. h3 Bd7 13. Nf3 Bd6 14. Bc2 h6
15. Be3 Bc6 16. Bd4 Nd7 17. Qd3 f5 18. b4 a6 19. a4 b5 20. a5 Nf6 21. Bxf6 Qxf6
22. Rfe1 Rae8 23. Nd4 Bd7 24. Rxe8 Rxe8 25. Bb3 Qe5 26. Nf3 Qf6 27. Rd1 Bc7 28.
Qxd5+ Be6 29. Qc6 Re7 30. Bxe6+ Kh7 31. Re1 Kh8 32. Qa8+ Kh7 33. Qg8+ Kg6 34.
Nd4 Kg5 35. g3 f4 36. Nf3+ Kg6 37. g4 1-0

[Event "XXXI C.to Italiano seniores"]
[Site "Arvier ITA"]
[Date "2009.04.29"]
[Round "6"]
[White "Giani, Franco"]
[Black "Maestri, Roberto"]
[Result "0-1"]
[WhiteElo "2004"]
[BlackElo "1570"]
[PlyCount "120"]
[EventDate "2009.04.24"]

1. e3 e5 2. c4 Nf6 3. Nc3 Bb4 4. d3 Bxc3+ 5. bxc3 O-O 6. Be2 Nc6 7. e4 d6 8.
Nf3 Bg4 9. O-O Qd7 10. Bg5 Qe6 11. Bh4 h6 12. h3 Bh5 13. Nh2 Bxe2 14. Qxe2 Nh7
15. f3 f5 16. Bf2 Qg6 17. Kh1 b6 18. d4 fxe4 19. fxe4 Ng5 20. d5 Nxe4 21. dxc6
Rxf2 22. Qg4 Qxg4 23. hxg4 Raf8 24. Rxf2 Rxf2 25. Nf3 Nxc3 26. g5 hxg5 27. Nxg5
Kh8 28. a4 a5 29. Ra3 Ne2 30. Ne6 Rf7 31. Kh2 Nf4 32. Rf3 Kg8 33. Ng5 Rf6 34.
Ne4 Rh6+ 35. Kg1 Ne2+ 36. Kf2 Nd4 37. Rg3 Nxc6 38. Nc3 Rf6+ 39. Ke3 Nd4 40. Kd3
c6 41. Ne4 Rh6 42. Nf2 Ne6 43. Ke3 Nc5 44. Rf3 Rf6 45. Rh3 Nxa4 46. g4 Rf4 47.
Ne4 d5 48. cxd5 cxd5 49. Nd6 d4+ 50. Kd2 Rxg4 51. Rh5 e4 52. Re5 Nc5 53. Re8+
Kh7 54. Re7 e3+ 55. Ke1 Rg2 56. Ne8 Nd3+ 57. Kf1 Rf2+ 58. Kg1 e2 59. Rxg7+ Kh6
60. Re7 Rf1+ 0-1

[Event "XXXI C.to Italiano seniores"]
[Site "Arvier ITA"]
[Date "2009.04.29"]
[Round "6"]
[White "Incelli, Renato"]
[Black "Turturici, Pellegrino"]
[Result "0-1"]
[WhiteElo "1487"]
[BlackElo "1977"]
[PlyCount "66"]
[EventDate "2009.04.24"]

1. g3 d5 2. d4 g6 3. Bg2 Bg7 4. e3 Nf6 5. Nc3 c6 6. Nge2 O-O 7. O-O Bg4 8. Bd2
Qc8 9. Re1 Bxe2 10. Qxe2 Re8 11. Qf1 Nbd7 12. Rac1 a5 13. Bh3 Qd8 14. b3 e6 15.
Bg2 Qe7 16. Rcd1 Nb6 17. Bc1 a4 18. e4 dxe4 19. Nxe4 Nxe4 20. Bxe4 axb3 21.
axb3 Nd5 22. Bxd5 cxd5 23. c4 Qb4 24. Qd3 Rec8 25. cxd5 exd5 26. Bb2 Ra2 27.
Ba1 Ra3 28. Rb1 Ra2 29. f4 Rcc2 30. f5 Rg2+ 31. Kh1 Rxh2+ 32. Kg1 Rag2+ 33. Kf1
Rd2 0-1

[Event "XXXI C.to Italiano seniores"]
[Site "Arvier ITA"]
[Date "2009.04.29"]
[Round "6"]
[White "Laco, Giuseppe"]
[Black "Gardi, Giuseppe"]
[Result "1/2-1/2"]
[WhiteElo "2133"]
[BlackElo "2008"]
[PlyCount "139"]
[EventDate "2009.04.24"]

1. c4 g6 2. Nc3 Bg7 3. d4 d6 4. e4 Nd7 5. Be3 e5 6. d5 a5 7. Bd3 b6 8. a3 Ngf6
9. f3 Nc5 10. Bc2 O-O 11. Rb1 Nh5 12. b4 axb4 13. axb4 Nd7 14. Nce2 f5 15. g3
fxe4 16. Bxe4 Ndf6 17. Qc2 Nxe4 18. fxe4 Bg4 19. Nc3 Ra3 20. Kd2 Qa8 21. Nge2
Bh3 22. Rhe1 Nf6 23. Kc1 Bd7 24. Bg1 Bh6+ 25. Kb2 Qa6 26. Nc1 Ng4 27. b5 Qa7
28. Nb3 Rf6 29. Ra1 Rxa1 30. Rxa1 Qb8 31. Nd2 Rf8 32. Nd1 Qd8 33. h3 Nf6 34.
Nf2 Nh5 35. Ra3 Qg5 36. Nf1 Qf6 37. Nh2 Qf7 38. Nfg4 Bg7 39. Qg2 Bxg4 40. hxg4
Nf6 41. g5 Nh5 42. Rf3 Qe8 43. Be3 Qa8 44. Rxf8+ Kxf8 45. Kb3 Qa1 46. Qf1+ Qxf1
47. Nxf1 Bh8 48. Kc2 Kf7 49. Kd3 Ke7 50. Ke2 Kf7 51. Kf3 Ke7 52. Nh2 Ng7 53.
Ng4 Ne8 54. Nf2 Kf7 55. Nd1 Bg7 56. Nc3 Ke7 57. Na4 Kd7 58. Nc3 Bf8 59. Ne2 Ke7
60. g4 Kd7 61. Ng3 Ng7 62. Nf5 Ne8 63. Bc1 Ng7 64. Bb2 gxf5 65. exf5 Ne8 66.
Bc1 Ke7 67. Kg3 Kf7 68. Kf3 Be7 69. Ke4 Bf8 70. Bd2 1/2-1/2

[Event "XXXI C.to Italiano seniores"]
[Site "Arvier ITA"]
[Date "2009.04.29"]
[Round "6"]
[White "Pettarini, Renato"]
[Black "De Polzer, Manfredi"]
[Result "1-0"]
[WhiteElo "1738"]
[BlackElo "1813"]
[PlyCount "97"]
[EventDate "2009.04.24"]

1. c4 g6 2. Nc3 Bg7 3. d4 d6 4. e4 b6 5. Nf3 e6 6. Be2 Bb7 7. O-O Nd7 8. Be3
Ne7 9. Qd2 h6 10. h3 a5 11. Nh2 e5 12. f4 exd4 13. Bxd4 O-O 14. f5 Bxd4+ 15.
Qxd4 g5 16. Ng4 Kh7 17. f6 Ng6 18. g3 Nge5 19. Qf2 Rg8 20. Qf5+ Rg6 21. Nxe5
Nxe5 22. Bh5 Bc8 23. Bxg6+ Nxg6 24. Qf2 Bxh3 25. Rfe1 Ne5 26. Qe3 Qxf6 27. Nd5
Qf3 28. Re2 Qxe3+ 29. Rxe3 Nxc4 30. Rc3 Nd2 31. Rxc7 Be6 32. Rb7 Nxe4 33. Nc7
Rc8 34. Nxe6 Kg6 35. Nd4 Nxg3 36. Rxb6 Rc4 37. Rxd6+ f6 38. b3 Rxd4 39. Rxd4
Ne2+ 40. Kf2 Nxd4 41. Rd1 Nc2 42. Rd2 Nb4 43. a3 Nc6 44. Rd6 Ne5 45. Rd5 a4 46.
b4 h5 47. b5 Kf7 48. b6 Ke7 49. Rxe5+ 1-0

[Event "XXXI C.to Italiano seniores"]
[Site "Arvier ITA"]
[Date "2009.04.29"]
[Round "6"]
[White "Piazza, Giacomo"]
[Black "Fragni, Enrico"]
[Result "0-1"]
[WhiteElo "1441"]
[BlackElo "1751"]
[PlyCount "62"]
[EventDate "2009.04.24"]

1. Nf3 d6 2. e3 Bg4 3. Be2 e5 4. d3 Be7 5. c4 a5 6. b3 Nd7 7. Nbd2 Ngf6 8. Nh4
Bxe2 9. Qxe2 g6 10. Bb2 Nh5 11. Nhf3 Bf6 12. Ne4 Bg7 13. g4 Nhf6 14. h3 Nxe4
15. dxe4 Nc5 16. Nd2 Qh4 17. O-O-O O-O 18. Kb1 Rfb8 19. f4 exf4 20. Bxg7 Kxg7
21. exf4 Qf6 22. Rhf1 Qc3 23. Rf3 Qb4 24. f5 a4 25. fxg6 fxg6 26. Ka1 axb3 27.
Nxb3 Nxb3+ 28. Rxb3 Qxb3 29. Rd2 Ra4 30. Rd4 Rba8 31. Rd2 Qc3+ 0-1